MARC

LEADER 00000nam0a2200000 4500
001 187422
005 20231101224050.0
035 |a (RuTPU)RU\TPU\book\203377 
090 |a 187422 
100 |a 20101115d1987 k y0rusy50 ca 
101 0 |a rus 
102 |a RU 
105 |a a z 001zy 
200 1 |a Структурно-минералогические критерии метаморфогенного оруденения  |e монография  |f Н. Л. Добрецов [и др.]  |g Академия наук СССР, Сибирское отделение, Бурятский геологический институт ; под ред. Г. В. Андреева 
210 |a Новосибирск  |c Наука  |d 1987 
215 |a 168с.  |c ил. 
320 |a Литература: с. 139-146. 
610 1 |a геоморфология 
610 1 |a петрология 
610 1 |a метаморфические горные породы 
610 1 |a метаморфические породы 
610 1 |a колчеданные месторождения 
610 1 |a локализация 
610 1 |a руда 
675 |a 553.4.06  |v 3 
701 1 |a Добрецов  |b Н. Л.  |g Николай Леонтьевич 
701 1 |a Меляховецкий  |b А. А.  |g Александр Абрамович 
701 1 |a Ащепков  |b И. В.  |g Игорь Викторович 
701 1 |a Картавченко  |b В. Г. 
701 1 |a Габов  |b Н. Ф. 
701 1 |a Могилев  |b В. А. 
701 1 |a Шадаев  |b М. А. 
701 1 |a Рипп  |b Г. С. 
701 1 |a Скляров  |b Е. В. 
702 1 |a Андреев  |b Г. В.  |g Геннадий Владимирович  |4 340 
712 0 2 |a Академия наук СССР  |b Сибирское отделение  |b Бурятский геологический институт  |c (Улан-Удэ)  |c (1973-1991)  |2 stltpush  |3 (RuTPU)RU\TPU\col\11435  |9 25093 
801 1 |a RU  |b 63413507  |c 20101115 
801 2 |a RU  |b 63413507  |c 20190417  |g RCR 
942 |c BK